[Event "Fast SC for New Members 3/1"]
[Site "SchemingMind.com"]
[Date "2007.03.02"]
[Round "-"]
[White "joab"]
[Black "SuperSilje"]
[Result "0-1"]
[WhiteCountry "CAN"]
[BlackCountry "NOR"]
[WhiteElo "1389"]
[WhiteRD "59"]
[BlackElo "1566"]
[BlackRD "152"]
[GameID "94664"]

1. e4 c5 2. Nf3 d6 3. d4 cxd4 4. Nxd4 Nf6 5. Nc3 a6 6. Be2 e5 7. Nb3 Be7 8. O-O O-O 9. f4 Nbd7 10. a4 b6
11. Be3 Bb7 12. Qd2 Nxe4 13. Nxe4 Bxe4 14. fxe5 Nxe5 15. Qd4 Bxc2 16. Rac1 Bxb3
0-1

[Event "Fast SC for New Members 3/1"]
[Site "SchemingMind.com"]
[Date "2007.03.02"]
[Round "-"]
[White "SuperSilje"]
[Black "joab"]
[Result "1-0"]
[WhiteCountry "NOR"]
[BlackCountry "CAN"]
[WhiteElo "1566"]
[WhiteRD "152"]
[BlackElo "1389"]
[BlackRD "59"]
[GameID "94665"]

1. e4 c5 2. Nf3 e6 3. d4 cxd4 4. Nxd4 Nc6 5. Nc3 a6 6. Nxc6 bxc6 7. Bd3 d5 8. O-O Qc7 9. f4 Bd6 10. e5 Bc5+
11. Kh1 Ne7 12. Qg4 O-O 13. Rf3 Nf5 14. Rh3 Rb8 15. Qh5 Nh6 16. f5 g6 17. Qxh6 Rd8 18. f6
1-0

[Event "Fast SC for New Members 3/1"]
[Site "SchemingMind.com"]
[Date "2007.03.05"]
[Round "-"]
[White "hitman84"]
[Black "joab"]
[Result "1-0"]
[WhiteCountry "IND"]
[BlackCountry "CAN"]
[WhiteElo "1687"]
[WhiteRD "173"]
[BlackElo "1389"]
[BlackRD "59"]
[GameID "95151"]

1. e4 d5 2. exd5 Qxd5 3. Nc3 Qa5 4. d4 Nf6 5. Bc4 Bf5 6. Nf3 c6 7. O-O e6 8. Bd2 Qc7 9. Re1 Bd6 10. Bg5 Nbd7
11. a4 Bg4 12. d5 Bxh2+ 13. Kh1 O-O-O 14. dxc6 bxc6 15. Qe2 Ne5 16. Ba6+ Kd7 17. Nxe5+ Bxe5 18. Qxe5 Qxe5 19. Rxe5 Ke7 20. Bd3 h6
21. Bxf6+ Kxf6 22. Rae1 g5 23. Ra5 Rd7 24. f3 Bf5 25. Bxf5 exf5 26. Ree5 Rhd8 27. Rxf5+ Kg7 28. Ne4 Rh8 29. Nf6 Rd2 30. Ne4 Rxc2
31. Rxa7 Rxb2 32. Raxf7+ Kg6 33. g4 Rd8 34. R5f6#
1-0

[Event "Fast SC for New Members 3/1"]
[Site "SchemingMind.com"]
[Date "2007.03.06"]
[Round "-"]
[White "hitman84"]
[Black "SuperSilje"]
[Result "1-0"]
[WhiteCountry "IND"]
[BlackCountry "NOR"]
[WhiteElo "1687"]
[WhiteRD "173"]
[BlackElo "1566"]
[BlackRD "152"]
[GameID "95152"]

1. e4 c5 2. Nf3 d6 3. d4 cxd4 4. Nxd4 Nf6 5. Nc3 a6 6. Be2 e5 7. Nb3 Be7 8. O-O h6 9. f4 exf4 10. Bxf4 O-O
11. Kh1 Nc6 12. Qe1 Ne5 13. Rd1 Qc7 14. Qg3 Kh8 15. Nd2 Be6 16. Qe3 Ng8 17. Nf3 Rad8 18. Nd4 Bc4 19. Nf5 Bxe2 20. Qxe2 Nf6
21. Qd2 Nc4 22. Qc1 Rg8 23. Bxh6 gxh6 24. Nd5
1-0

[Event "Fast SC for New Members 3/1"]
[Site "SchemingMind.com"]
[Date "2007.03.06"]
[Round "-"]
[White "joab"]
[Black "hitman84"]
[Result "0-1"]
[WhiteCountry "CAN"]
[BlackCountry "IND"]
[WhiteElo "1389"]
[WhiteRD "59"]
[BlackElo "1687"]
[BlackRD "173"]
[GameID "95153"]

1. e4 c5 2. b4 cxb4 3. a3 bxa3 4. Nxa3 e6 5. Nf3 Nc6 6. Be2 d5 7. e5 Nge7 8. d4 Ng6 9. c3 Be7 10. O-O O-O
11. Rb1 a6 12. Qa4 Qc7 13. Kh1 Bd7 14. Qb3 b5 15. Nxb5 axb5 16. Qxb5 Nxd4 17. Qb7 Qxb7 18. Rxb7 Nxe2 19. Rxd7 Ra1
0-1

[Event "Fast SC for New Members 3/1"]
[Site "SchemingMind.com"]
[Date "2007.03.06"]
[Round "-"]
[White "SuperSilje"]
[Black "hitman84"]
[Result "1/2-1/2"]
[WhiteCountry "NOR"]
[BlackCountry "IND"]
[WhiteElo "1566"]
[WhiteRD "152"]
[BlackElo "1687"]
[BlackRD "173"]
[GameID "95154"]

1. e4 c5 2. Nf3 d6 3. d4 cxd4 4. Nxd4 Nf6 5. Nc3 a6 6. Be3 e5 7. Nf3 Be7 8. Bc4 O-O 9. O-O Nbd7 10. Bb3 b5
11. Qd3 Bb7 12. Rad1 Qc7 13. Bg5 Nc5 14. Qe2 Ncxe4 15. Nxe4 Nxe4 16. Bxe7 Qxe7 17. Bd5 Bxd5 18. Rxd5 Nf6 19. Rd2 Rfe8 20. Rfd1 d5
21. c3 Rad8 22. a4 Qb7 23. axb5 axb5 24. h3 b4 25. cxb4 Qxb4 26. Nxe5 Qf4 27. Nd3 Qc4 28. Qf3 d4 29. Rc1 Qb3 30. Rdc2 Nd5
31. Rc4=
1/2-1/2

[Event "Fast SC for New Members 3/1"]
[Site "SchemingMind.com"]
[Date "2007.03.08"]
[Round "-"]
[White "Mr Mustard"]
[Black "joab"]
[Result "1-0"]
[WhiteCountry "USA"]
[BlackCountry "CAN"]
[WhiteElo "1751"]
[WhiteRD "211"]
[BlackElo "1389"]
[BlackRD "59"]
[GameID "95511"]

1. Nc3 Nf6 2. e4 e5 3. Bc4 Bc5 4. d3 d6 5. f4 Bg4 6. Nf3 O-O 7. f5 Nc6 8. Bg5 Nd4 9. Nd5 c6 10. Nxf6+ gxf6
11. Bh6 Re8 12. c3 Qa5 13. b4 Bxb4 14. cxb4 Qxb4+ 15. Bd2 Qb6 16. Rb1 Qc7 17. h3 Bxf3 18. gxf3 Kf8 19. Rg1 Ke7 20. Rg7 Qc8
21. Bxf7 Rf8 22. Be6+ Rf7 23. Rxf7+
1-0

[Event "Fast SC for New Members 3/1"]
[Site "SchemingMind.com"]
[Date "2007.03.08"]
[Round "-"]
[White "Mr Mustard"]
[Black "SuperSilje"]
[Result "1-0"]
[WhiteCountry "USA"]
[BlackCountry "NOR"]
[WhiteElo "1751"]
[WhiteRD "211"]
[BlackElo "1566"]
[BlackRD "152"]
[GameID "95512"]

1. Nc3 d5 2. e4 dxe4 3. Nxe4 e5 4. Bc4 Bf5 5. Qf3 Qc8 6. Ng5 Nh6 7. Qb3 Bg6 8. N1f3 Nc6 9. h4 Bh5 10. d4 exd4
11. g4 Bxg4 12. Bxf7+ Kd8 13. Ne6+ Bxe6 14. Bxe6 Qb8 15. Bg5+ Be7 16. Qd5+ Ke8 17. Bd7+ Kf8 18. Bxh6 gxh6 19. Qf5+ Kg7 20. Rg1+
1-0

[Event "Fast SC for New Members 3/1"]
[Site "SchemingMind.com"]
[Date "2007.03.08"]
[Round "-"]
[White "Mr Mustard"]
[Black "hitman84"]
[Result "0-1"]
[WhiteCountry "USA"]
[BlackCountry "IND"]
[WhiteElo "1373"]
[WhiteRD "134"]
[BlackElo "1846"]
[BlackRD "134"]
[GameID "95513"]

1. Nc3 d5 2. e4 dxe4 3. Nxe4 Nd7 4. Bc4 e6 5. d3 Ngf6 6. Qe2 Be7 7. f4 O-O 8. Nf3 a6 9. O-O b5 10. Bb3 c5
11. a4 Bb7 12. axb5 axb5
0-1

[Event "Fast SC for New Members 3/1"]
[Site "SchemingMind.com"]
[Date "2007.03.08"]
[Round "-"]
[White "joab"]
[Black "Mr Mustard"]
[Result "0-1"]
[WhiteCountry "CAN"]
[BlackCountry "USA"]
[WhiteElo "1389"]
[WhiteRD "59"]
[BlackElo "1751"]
[BlackRD "211"]
[GameID "95514"]

1. e4 Nf6 2. e5 Nd5 3. Bc4 Nb6 4. Bb3 c5 5. Qe2 Nc6 6. c3 d5 7. Nf3 Bf5 8. d4 cxd4 9. cxd4 Rc8 10. Nc3 e6
11. O-O Be7 12. Be3 O-O 13. a3 f6 14. Nh4 fxe5 15. dxe5 Bxh4
0-1

[Event "Fast SC for New Members 3/1"]
[Site "SchemingMind.com"]
[Date "2007.03.08"]
[Round "-"]
[White "SuperSilje"]
[Black "Mr Mustard"]
[Result "1/2-1/2"]
[WhiteCountry "NOR"]
[BlackCountry "USA"]
[WhiteElo "1566"]
[WhiteRD "152"]
[BlackElo "1751"]
[BlackRD "211"]
[GameID "95515"]

1. e4 Nf6 2. e5 Nd5 3. d4 d6 4. Nf3 dxe5 5. Nxe5 c6 6. Bc4 Nd7 7. Nf3 N7b6 8. Bb3 Bg4 9. O-O e6 10. h3 Bh5
11. c4 Nf6 12. Bg5 Be7 13. Nc3 O-O 14. Re1 Bxf3 15. Qxf3 Qxd4 16. Rad1 Qc5 17. Bxf6 Bxf6 18. Ne4 Qe7 19. Nxf6+ Qxf6 20. Qxf6 gxf6=
1/2-1/2

[Event "Fast SC for New Members 3/1"]
[Site "SchemingMind.com"]
[Date "2007.03.08"]
[Round "-"]
[White "hitman84"]
[Black "Mr Mustard"]
[Result "1-0"]
[WhiteCountry "IND"]
[BlackCountry "USA"]
[WhiteElo "1846"]
[WhiteRD "134"]
[BlackElo "1373"]
[BlackRD "134"]
[GameID "95516"]

1. e4 Nf6 2. e5 Nd5 3. d4 d6 4. c4 Nb6 5. exd6 exd6 6. Nc3 Be7 7. Nf3 O-O 8. b3 Bg4 9. Be2 Nc6 10. O-O Bf6
11. Be3 d5 12. cxd5 Nxd5 13. Nxd5 Qxd5 14. Rc1 Rad8 15. h3
1-0

[Event "Fast SC for New Members 3/1"]
[Site "SchemingMind.com"]
[Date "2007.03.09"]
[Round "-"]
[White "Troglodyte"]
[Black "joab"]
[Result "1-0"]
[WhiteCountry "USA"]
[BlackCountry "CAN"]
[WhiteElo "1863"]
[WhiteRD "128"]
[BlackElo "1389"]
[BlackRD "59"]
[GameID "95646"]

1. e4 c5 2. Nf3 d6 3. d4 cxd4 4. Nxd4 Nc6 5. Nc3 a6 6. Bc4 Nf6 7. Nxc6 bxc6 8. e5 Ng4 9. e6 Ne5 10. exf7+ Kd7
11. Qd4 e6 12. Be3 Nxf7 13. O-O d5 14. Na4 Rb8 15. Qf4 Nd6 16. Be2 Qf6 17. Qg3 Ke8 18. Bg5 Qg6 19. Bd3 Qf7 20. b3 Be7
21. Rae1 Kd7 22. Rxe6 Rb6 23. Rxe7+
1-0

[Event "Fast SC for New Members 3/1"]
[Site "SchemingMind.com"]
[Date "2007.03.09"]
[Round "-"]
[White "Troglodyte"]
[Black "SuperSilje"]
[Result "1-0"]
[WhiteCountry "USA"]
[BlackCountry "NOR"]
[WhiteElo "1863"]
[WhiteRD "128"]
[BlackElo "1566"]
[BlackRD "152"]
[GameID "95647"]

1. e4 c5 2. Nf3 d6 3. d4 cxd4 4. Nxd4 Nf6 5. Nc3 a6 6. Be3 e5 7. Nb3 Be6 8. f3 Nbd7 9. Qd2 b5 10. O-O-O Be7
11. g4 Nb6 12. g5 Nfd7 13. Nd5 Bxd5 14. exd5 Rc8 15. h4 Nc4 16. Qe1 Nxe3 17. Qxe3 Nb6 18. f4 Nc4 19. Qe4 Qc7 20. Bh3 Rb8
21. h5 exf4 22. Kb1 Ne3 23. Rd4 O-O 24. Qxf4 Qxc2+ 25. Ka1 Qe2 26. Nc1 Nc2+ 27. Kb1 Qxh5 28. Kxc2 Bxg5 29. Qf1 Bxc1 30. Bf5 Rbc8+
31. Kb1 Qg5 32. Bxh7+ Kh8 33. Bf5+ Kg8 34. Rdh4 Qxh4 35. Rxh4 Bg5 36. Bxc8 Bxh4 37. Bxa6 Re8 38. Qxb5 Re1+ 39. Kc2 Bg5 40. Qb8+ Kh7
41. Qxd6 f5 42. Qh2+ Kg6 43. Be2 f4 44. Bd3+ Kf6 45. Qh5 Bh6 46. Qh4+
1-0

[Event "Fast SC for New Members 3/1"]
[Site "SchemingMind.com"]
[Date "2007.03.09"]
[Round "-"]
[White "Troglodyte"]
[Black "Mr Mustard"]
[Result "1-0"]
[WhiteCountry "USA"]
[BlackCountry "USA"]
[WhiteElo "2018"]
[WhiteRD "80"]
[BlackElo "1373"]
[BlackRD "134"]
[GameID "95648"]

1. e4 Nf6 2. e5 Nd5 3. d4 d6 4. Nf3 dxe5 5. Nxe5 g6 6. Bc4 c6 7. O-O Bg7 8. Re1 O-O 9. Bb3 Be6 10. Nd2 Nd7
11. Nef3 Nc7 12. Ne4 Bxb3 13. axb3 Nf6 14. Nc5 b6 15. Nd3 Ne6 16. Nfe5
1-0

[Event "Fast SC for New Members 3/1"]
[Site "SchemingMind.com"]
[Date "2007.03.10"]
[Round "-"]
[White "Troglodyte"]
[Black "hitman84"]
[Result "1-0"]
[WhiteCountry "USA"]
[BlackCountry "IND"]
[WhiteElo "1863"]
[WhiteRD "128"]
[BlackElo "1687"]
[BlackRD "173"]
[GameID "95649"]

1. e4 c5 2. Nf3 d6 3. d4 cxd4 4. Nxd4 Nf6 5. Nc3 a6 6. Be3 e5 7. Nb3 Be7 8. f3 Be6 9. Qd2 Nbd7 10. g4 O-O
11. g5 Ne8 12. O-O-O b5 13. Nd5 Bxd5 14. exd5 Nc7 15. Na5 Re8 16. h4 Qb8 17. Nc6 Qb7 18. Bh3 Nf8 19. h5 a5 20. f4 Ra6
21. Bg2 b4 22. fxe5 Nb5 23. g6 fxg6 24. hxg6 dxe5 25. d6 Bxd6 26. Bd5+ Ne6 27. Rxh7
1-0

[Event "Fast SC for New Members 3/1"]
[Site "SchemingMind.com"]
[Date "2007.03.09"]
[Round "-"]
[White "joab"]
[Black "Troglodyte"]
[Result "0-1"]
[WhiteCountry "CAN"]
[BlackCountry "USA"]
[WhiteElo "1389"]
[WhiteRD "59"]
[BlackElo "1863"]
[BlackRD "128"]
[GameID "95650"]

1. e4 c5 2. Nf3 d6 3. d4 cxd4 4. Nxd4 Nf6 5. Nc3 a6 6. Be2 e5 7. Nb3 Be7 8. O-O O-O 9. f4 b5 10. a3 Bb7
11. Rf3 Nxe4 12. Nxe4 Bxe4 13. Rh3 Nd7 14. Bd3 Nf6 15. fxe5 dxe5 16. Bg5 Bxd3 17. Qxd3 Qxd3 18. Rxd3 h6 19. Bh4 Rfd8 20. Rad1 Rxd3
21. Rxd3 Kf8 22. Nc5 Bxc5+
0-1

[Event "Fast SC for New Members 3/1"]
[Site "SchemingMind.com"]
[Date "2007.03.09"]
[Round "-"]
[White "SuperSilje"]
[Black "Troglodyte"]
[Result "1/2-1/2"]
[WhiteCountry "NOR"]
[BlackCountry "USA"]
[WhiteElo "1566"]
[WhiteRD "152"]
[BlackElo "1863"]
[BlackRD "128"]
[GameID "95651"]

1. e4 c5 2. Nf3 d6 3. d4 cxd4 4. Nxd4 Nf6 5. Nc3 a6 6. Be3 e6 7. Qd2 b5 8. f3 b4 9. Nce2 Nbd7 10. g4 Ne5
11. O-O-O Nc4 12. Qd3 Nxe3 13. Qxe3 Qa5 14. Kb1 Bb7 15. g5 Nd7 16. h4 Be7 17. f4 Qb6 18. Bh3 Nc5 19. Ng3 d5 20. exd5 Bxd5
21. Rhe1 O-O 22. f5 Bd6 23. fxe6 Rae8 24. exf7+ Bxf7 25. Qg1 Qa5 26. Nb3 Nxb3 27. axb3 Be5 28. Nf5 Bxb2= 29. Kxb2 Qa3+ 30. Kb1 Bxb3=
31. Nh6+ Kh8=
1/2-1/2

[Event "Fast SC for New Members 3/1"]
[Site "SchemingMind.com"]
[Date "2007.03.09"]
[Round "-"]
[White "Mr Mustard"]
[Black "Troglodyte"]
[Result "0-1"]
[WhiteCountry "USA"]
[BlackCountry "USA"]
[WhiteElo "1373"]
[WhiteRD "134"]
[BlackElo "2018"]
[BlackRD "80"]
[GameID "95652"]

1. Nc3 c5 2. g4 d5 3. Bg2 e6 4. d3 Nc6 5. Bf4 Nge7 6. Bg3 Ng6 7. h4 Be7 8. Nf3 h5 9. g5 Qb6 10. Qd2 O-O
11. O-O-O Qa6 12. a3 b5
0-1

[Event "Fast SC for New Members 3/1"]
[Site "SchemingMind.com"]
[Date "2007.03.10"]
[Round "-"]
[White "hitman84"]
[Black "Troglodyte"]
[Result "0-1"]
[WhiteCountry "IND"]
[BlackCountry "USA"]
[WhiteElo "1687"]
[WhiteRD "173"]
[BlackElo "1863"]
[BlackRD "128"]
[GameID "95653"]

1. e4 c5 2. Nf3 d6 3. d4 cxd4 4. Nxd4 Nf6 5. Nc3 a6 6. Be3 e5 7. Nb3 Be7 8. f3 Be6 9. Qd2 b5 10. O-O-O Nbd7
11. g4 h6 12. h4 Nb6 13. Qf2 Nfd7 14. Nd5 Bxd5 15. exd5 Nc4 16. f4 Bxh4 17. Rxh4 Nxe3 18. Re1 Nxf1 19. Rxf1 exf4 20. Nd4 Ne5
21. g5 Ng6 22. Re1+ Kd7 23. Rxf4 Nxf4 24. Qxf4 Qxg5 25. Qxg5 hxg5
0-1

[Event "Fast SC for New Members 3/1"]
[Site "SchemingMind.com"]
[Date "2007.03.10"]
[Round "-"]
[White "exbogus"]
[Black "joab"]
[Result "0-1"]
[WhiteCountry "NGR"]
[BlackCountry "CAN"]
[WhiteElo "1416"]
[WhiteRD "211"]
[BlackElo "1389"]
[BlackRD "59"]
[GameID "95685"]

1. f4 d5 2. Nf3 Nf6 3. b3 c5 4. e3 Nc6 5. Bb2 a6 6. Be2 e6 7. O-O Bd6 8. Ne5 Bd7 9. d3 Qc7 10. Bh5 Nxe5
11. fxe5 Bxe5 12. d4 cxd4 13. exd4 Bxh2+ 14. Kh1 g6 15. Bf3 Qg3 16. Qe1 Qf4 17. Nc3 Qh6 18. Qd1 Bg3+
0-1

[Event "Fast SC for New Members 3/1"]
[Site "SchemingMind.com"]
[Date "2007.03.09"]
[Round "-"]
[White "exbogus"]
[Black "SuperSilje"]
[Result "1/2-1/2"]
[WhiteCountry "NGR"]
[BlackCountry "NOR"]
[WhiteElo "1629"]
[WhiteRD "145"]
[BlackElo "1549"]
[BlackRD "147"]
[GameID "95686"]

1. e4 c5 2. f4 d5 3. e5 Nc6 4. Nf3 g6 5. d4 cxd4 6. Nxd4 Nxd4 7. Qxd4 e6 8. Nc3 Ne7 9. Be2 Nf5 10. Qf2 h5
11. Be3 d4 12. Bb5+ Bd7 13. Bxd4 Bxb5 14. Nxb5 Qa5+ 15. Nc3 Rd8 16. Bxa7 Bb4 17. O-O Bxc3 18. bxc3 Qxc3 19. Qc5 Qxc5+ 20. Bxc5 Rc8
21. Bb6 Rxc2 22. Rfc1 Rxc1+ 23. Rxc1 O-O 24. a4 Ra8 25. a5 Ne7 26. Rc7 Nc6 27. Rxb7 Nxa5 28. Bxa5 Rxa5 29. Kf2 Ra3 30. Rb2 Kg7=
31. Re2 Rb3 32. Re3 Rb2+ 33. Kg3 Ra2 34. Kh3 Rb2 35. Rf3 Ra2 36. Kg3 Rb2 37. Rf2 Rb3+ 38. Kh4 Ra3 39. Kg5 Ra5 40. Kh4 Ra3
41. Re2=
1/2-1/2

[Event "Fast SC for New Members 3/1"]
[Site "SchemingMind.com"]
[Date "2007.03.10"]
[Round "-"]
[White "exbogus"]
[Black "hitman84"]
[Result "0-1"]
[WhiteCountry "NGR"]
[BlackCountry "IND"]
[WhiteElo "1629"]
[WhiteRD "145"]
[BlackElo "1846"]
[BlackRD "134"]
[GameID "95688"]

1. e4 c5 2. f4 d5 3. e5 Nc6 4. Nc3 h5 5. Nf3 g6 6. d4 Bg4 7. Be3 e6 8. Be2 Nh6 9. Bf2 Bxf3 10. Bxf3 Qb6
11. Na4 Qa5+ 12. Nc3 cxd4 13. Bxd4 Nf5 14. Bf2 d4 15. Bxc6+ bxc6 16. Bxd4 Rd8 17. O-O Nxd4 18. Rb1 Bb4 19. Ne4 Be7 20. Qd3 O-O
21. g4 hxg4 22. Kh1 Nf3 23. Qe3 Nd2 24. Nxd2 Rxd2
0-1

[Event "Fast SC for New Members 3/1"]
[Site "SchemingMind.com"]
[Date "2007.03.09"]
[Round "-"]
[White "exbogus"]
[Black "Troglodyte"]
[Result "1/2-1/2"]
[WhiteCountry "NGR"]
[BlackCountry "USA"]
[WhiteElo "1416"]
[WhiteRD "211"]
[BlackElo "1863"]
[BlackRD "128"]
[GameID "95689"]

1. d4 Nf6 2. c4 g6 3. Nf3 Bg7 4. Bf4 O-O 5. Nc3 d6 6. Qd2 Nbd7 7. Bh6 Bxh6 8. Qxh6 e5 9. e3 Ng4 10. Qg5 Qxg5
11. Nxg5 exd4 12. exd4 h6 13. Nf3 Re8+ 14. Be2 Nf8 15. h3 Nf6 16. O-O Ne6 17. Bd3 Nf4 18. Rad1 Nxd3 19. Rxd3 Bf5 20. Rd2 g5
21. Re1 Rxe1+ 22. Nxe1 Kf8 23. Re2 c6 24. Kh2 Re8 25. Rxe8+ Kxe8 26. g3 a5 27. a3 Kd7 28. b4 axb4 29. axb4 d5 30. g4 Be6
31. c5 Ne4 32. Nd1 f6=
1/2-1/2

[Event "Fast SC for New Members 3/1"]
[Site "SchemingMind.com"]
[Date "2007.03.10"]
[Round "-"]
[White "joab"]
[Black "exbogus"]
[Result "0-1"]
[WhiteCountry "CAN"]
[BlackCountry "NGR"]
[WhiteElo "1389"]
[WhiteRD "59"]
[BlackElo "1416"]
[BlackRD "211"]
[GameID "95690"]

1. e4 e5 2. Nf3 Nc6 3. d4 exd4 4. Bc4 Bc5 5. c3 dxc3 6. Bxf7+ Kxf7 7. Qd5+ Ke8 8. Qxc5 cxb2 9. Bxb2 Nf6 10. Nc3 Qe7
11. O-O Qxc5
0-1

[Event "Fast SC for New Members 3/1"]
[Site "SchemingMind.com"]
[Date "2007.03.10"]
[Round "-"]
[White "SuperSilje"]
[Black "exbogus"]
[Result "1/2-1/2"]
[WhiteCountry "NOR"]
[BlackCountry "NGR"]
[WhiteElo "1559"]
[WhiteRD "141"]
[BlackElo "1637"]
[BlackRD "134"]
[GameID "95691"]

1. e4 e5 2. Nf3 Nc6 3. Bb5 Nd4 4. Nxd4 exd4 5. O-O b6 6. c3 dxc3 7. Nxc3 g6 8. d4 Bg7 9. Be3 Ne7 10. f4 O-O
11. Qd2 c6 12. Bc4 d5 13. exd5 cxd5 14. Bb3 Be6 15. Bc2 Re8 16. Ne2 Rc8 17. Ng3 Qd7 18. Qf2 Bf5 19. Nxf5 Nxf5 20. Bxf5 Qxf5
21. Rae1 Rc2 22. Qf3 Rxb2 23. Bf2 Rc8 24. g4 Qd7 25. a3 Rcc2 26. Rd1 Qa4 27. Rd3 Qc4 28. f5 Qa2 29. Bg3 Rb1 30. fxg6 Rxf1+
31. Qxf1 hxg6 32. Qe1 Re2 33. Qc1 Qc2 34. Qxc2 Rxc2 35. Be5 Re2 36. Bb8 a6 37. Ba7 b5 38. h3 Bh6 39. Rc3 Re3 40. Rxe3 Bxe3+
41. Kg2 Kf8 42. Kf3 Bg5 43. Kg3 Be7 44. Bc5 Bxc5 45. dxc5 a5 46. Kf4 b4 47. axb4 axb4 48. Ke3 Ke7 49. h4 f5 50. gxf5 gxf5
51. h5 f4+ 52. Kxf4 b3 53. h6 b2 54. h7 b1=Q 55. h8=Q Qe4+ 56. Kg3 Qe3+ 57. Kg2 Qxc5 58. Qg7+ Kd6 59. Qf6+ Kc7 60. Kf1 Kb7
61. Ke1= Qb4+ 62. Kd1 Qc4 63. Kd2 Qc6 64. Qxc6+ Kxc6 65. Kd3 Kc5 66. Kc3 d4+ 67. Kd3 Kd5 68. Kd2 Kc4 69. Kc2 Kd5 70. Kd3 Ke5
71. Kd2= Ke4 72. Ke2 d3+ 73. Kd2 Kd4 74. Kd1 Ke3 75. Ke1 Ke4 76. Kd2 Kd4 77. Kd1 Kc3 78. Kc1 d2+ 79. Kd1 Kd3
1/2-1/2

[Event "Fast SC for New Members 3/1"]
[Site "SchemingMind.com"]
[Date "2007.03.14"]
[Round "-"]
[White "hitman84"]
[Black "exbogus"]
[Result "1-0"]
[WhiteCountry "IND"]
[BlackCountry "NGR"]
[WhiteElo "1846"]
[WhiteRD "134"]
[BlackElo "1629"]
[BlackRD "145"]
[GameID "95693"]

1. e4 e5 2. Nf3 Nc6 3. Bb5 a6 4. Ba4 Nf6 5. O-O d6 6. Re1 Bd7 7. d4 Nxd4 8. Bxd7+ Qxd7 9. Nxd4 exd4 10. Qxd4 Be7
11. Nc3 O-O 12. Bg5 Rad8 13. Rad1 h6 14. Bh4 Rfe8 15. f4 b6 16. Kh1 Nh5 17. Bxe7 Qxe7 18. Qf2 Qf6 19. g3 g6 20. Rd4 Qe6
21. b3 b5 22. Qf3 Qh3 23. Kg1 Re6 24. Rf1 Rde8 25. Rdd1 Nf6 26. Rfe1 h5 27. Nd5 Nxd5 28. Rxd5 f5 29. Rd4 fxe4 30. Rdxe4 Qf5
31. Rxe6 Rxe6 32. Rxe6 Qxe6 33. Kf2 Kf7 34. Qe3 Qd5 35. Ke2 Qg2+ 36. Qf2 Qxf2+ 37. Kxf2= Ke6 38. Ke3 Kf5 39. h3 c5 40. c4 bxc4
41. bxc4 a5 42. a4 Kf6 43. Ke4 Ke6 44. g4 hxg4 45. hxg4 Ke7 46. Kd5 Kd7 47. f5 gxf5 48. gxf5 Ke7 49. f6+ Kxf6 50. Kxd6 Kf7
51. Kxc5 Ke8 52. Kb5 Kd8 53. Kxa5 Kc7 54. Kb5 Kb7 55. c5 Kc7 56. a5 Kb7 57. c6+ Kc8 58. Kb6 Kb8 59. c7+ Kc8 60. a6
1-0

[Event "Fast SC for New Members 3/1"]
[Site "SchemingMind.com"]
[Date "2007.03.10"]
[Round "-"]
[White "Troglodyte"]
[Black "exbogus"]
[Result "1-0"]
[WhiteCountry "USA"]
[BlackCountry "NGR"]
[WhiteElo "1863"]
[WhiteRD "128"]
[BlackElo "1416"]
[BlackRD "211"]
[GameID "95694"]

1. e4 e5 2. Nf3 Nc6 3. Bb5 d6 4. d4 exd4 5. Nxd4 Bd7 6. Nc3 Nxd4 7. Bxd7+ Qxd7 8. Qxd4 Nf6 9. Be3 Be7 10. O-O-O Ng4
11. Nd5 Nxe3 12. Qxg7 O-O-O 13. Nxe3 Qa4 14. Nd5 Rhe8 15. Qxf7 Qxa2 16. Nxe7+ Rxe7 17. Qxa2
1-0